000 00617nam a22002297a 4500
003 UA-OsUOA
001 52920
007 ta
008 20080306b un ||||| |||| 00| 0 ukr d
090 _a82-9
_bБ67
942 _cBK
040 _aUA-OsUOA
_bukr
_cUA-OsUOA
_dUA-OsUOA
245 _aБіль і тривоги Чорнобиля
_cСафонов Ю.
300 _a64 с.
955 _a2
041 _aukr
080 _a82-9
020 _a966-7270-52-1
260 _aК.
_bКиївська правда
_c2006
650 7 _a82 Література. Літературознавство
_2UDC
999 _c339000
_d339000